Gaststättenbau

Gespeichert in:
Bibliographische Detailangaben
1. Verfasser: Hepperle, Hans-Arno (Verfasst von)
Format: Buch
Sprache:Deutsch
Veröffentlicht: Stuttgart : Deutsche Verlags-Anstalt, 1981
Schlagworte:
Tags: Tag hinzufügen
Keine Tags, Fügen Sie das erste Tag hinzu!

MARC

LEADER 00000nam a22000003a 4500
001 stu10931
005 20150617225659.8
008 950129s1981----gw------------------ger-d
040 |a STU  |b slo 
041 0 |a ger 
044 |a gw 
100 1 |a Hepperle, Hans-Arno  |4 aut 
245 1 |a Gaststättenbau 
260 |a Stuttgart :  |b Deutsche Verlags-Anstalt,  |c 1981 
300 |a 107 s 
650 7 |a budovy pre kultúru  |2 stusub 
996 |b 284AU02217  |c A*940 U  |l AAKNAR  |s A  |a 24  |w stu10931_0001